Degradation behaviour of short sisal fibre reinforced natural rubber composites (Record no. 52997)

MARC details
000 -LEADER
fixed length control field 00607nam a2200193Ia 4500
100 ## - MAIN ENTRY--AUTHOR NAME
Personal name Varghese S.
245 #0 - TITLE STATEMENT
Title Degradation behaviour of short sisal fibre reinforced natural rubber composites
260 ## - PUBLICATION, DISTRIBUTION, ETC. (IMPRINT)
Name of publisher Proceedings of the National Seminar on Polymers-94, February 1994, Vadodara, India, pp. 148-149
Year of publication 1994
650 ## - SUBJECT ADDED ENTRY--TOPICAL TERM
Topical Term Composite
650 ## - SUBJECT ADDED ENTRY--TOPICAL TERM
Topical Term Natural rubber
650 ## - SUBJECT ADDED ENTRY--TOPICAL TERM
Topical Term Reinforced rubber
650 ## - SUBJECT ADDED ENTRY--TOPICAL TERM
Topical Term Sisal fibre
650 ## - SUBJECT ADDED ENTRY--TOPICAL TERM
Topical Term Thermal degradation
700 ## - ADDED ENTRY--PERSONAL NAME
Personal name Kuriakose B.
700 ## - ADDED ENTRY--PERSONAL NAME
Personal name Mathew N.M.
700 ## - ADDED ENTRY--PERSONAL NAME
Personal name Thomas S.
942 ## - ADDED ENTRY ELEMENTS (KOHA)
Koha item type Bibliography STAF
Holdings
Withdrawn status Lost status Damaged status Not for loan Home library Current library Date acquired Koha item type
      Bibliography RRII Library RRII Library 09/04/2014 Bibliography STAF